000
00339nam a2200169Ia 4500
100
_a
Ramamurti/V
250
_a
2
942
_c
BK
366
_f
20
654
_a
machines
245
_a
Mechanics of Machines
260
_b
Narosa Publication House
_c
2005
082
_a
620.1
_b
RAM
300
_a
338
546
_a
ENGLISH
999
_c
19534
_d
19534